|
|
|
|
| LEADER |
00000cam a2200000 a 4500 |
| 005 |
20111205103226.0 |
| 007 |
cr|||| |||| |
| 008 |
070906s2007 sp |||||| 000 ||spa|c |
| 017 |
|
|
|a DL B. 27539-2009
|b Biblioteca de Catalunya
|
| 020 |
|
|
|a 9788476987971
|
| 035 |
|
|
|a 6040
|
| 040 |
|
|
|d vLex
|
| 080 |
|
|
|a 301.162.2:351
|
| 090 |
|
|
|c 2812
|d 2812
|
| 100 |
1 |
|
|a Lorenzo de Membiela, Juan B.
|
| 245 |
1 |
0 |
|a Mobbing en la Administracin̤
|h [Recurso electrn̤ico] :
|b reflexiones sobre la dominacin̤ burocrt̀ica : conforme a la Ley 7/2007, Estatuto Bs̀ico del Empleado Pb︢lico /
|c Juan B. Lorenzo Membiela
|
| 256 |
|
|
|a Servicio en ln̕ea
|
| 260 |
|
|
|a Barcelona :
|b Bosch,
|c 2007
|
| 300 |
|
|
|a 1 recurso electrn̤ico
|
| 500 |
|
|
|a Reimpresiones: 2009
|
| 504 |
|
|
|a Bibliografa̕
|
| 506 |
1 |
|
|a Contenido solo disponible en los productos indicados
|d vLex Global
|d vLex Global (Academic Edition, excluding Law Schools)
|d vLex Global (U.S. Academic Edition, Law Schools)
|d vLex Global (U.S. Academic Edition, excluding Law Schools)
|d vLex Global (Academic Edition, Law Schools)
|
| 650 |
0 |
4 |
|a Administracin̤ pb︢lica
|
| 650 |
0 |
4 |
|a Acoso psicolg̤ico en el lugar de trabajo
|
| 740 |
0 |
|
|a vLex Libros (Servicio en ln̕ea)
|
| 856 |
4 |
0 |
|u http://vlex.com/source/6040
|z Acceso restringido
|
| 942 |
|
|
|c BOOK
|
| 999 |
0 |
|
|a Administrative law
|
| 999 |
0 |
|
|a Bullying in the workplace
|